Margret & H.A. Rey's Curious George goes to the ... Read More
Available copies
- 1 of 3 copies available at LARL/NWRL Consortium.
- 1 of 3 copies available at Northwest Regional Library. (Show preferred library)
Current holds
0 current holds with 3 total copies.
Show Only Available Copies
| Location | Call Number / Copy Notes | Barcode | Shelving Location | Status | Due Date |
|---|---|---|---|---|---|
| Hallock Public Library | E pb (Text) | 35500004710255 | Main | Available | - |
| Roseau Public Library | e REY (Text) | 35500006934077 | New | In process | - |
| Thief River Falls Public Library | E pb (Text) | 35500004709703 | Main | Checked out | 05/30/2026 |
Record details
- ISBN: 0395978343
- ISBN: 0395978386 (pbk.)
- Physical Description: 24 p. : col. ill. ; 21 cm.
- Publisher: Boston : Houghton Mifflin, 1999.
Content descriptions
| Summary, etc.: | Curious George has fun feeding the sea gulls at ... Read More |
Search for related items by subject
| Subject: | Monkeys > Fiction. Beaches > Fiction. |
Search for related items by series
| LDR | 01689cam a2200373 a 4500 | ||
|---|---|---|---|
| 001 | 68131 | ||
| 003 | LARL_NWRL_CONSORTIUM | ||
| 005 | 20260505162236.0 | ||
| 008 | 990513s1999 mau b 000 1 eng | ||
| 010 | . | ‡a99031534 | |
| 020 | . | ‡a0395978343 | |
| 020 | . | ‡a0395978386 (pbk.) | |
| 035 | . | ‡a(OCoLC)41419585 | |
| 040 | . | ‡aDLC ‡cDLC ‡dBAKER | |
| 042 | . | ‡alcac | |
| 082 | 0 | 0. | ‡a[E] ‡221 |
| 100 | 1 | . | ‡aRey, H. A. ‡q(Hans Augusto), ‡d1898-1977. ‡0(LARL_NWRL_CONSORTIUM)152671 |
| 245 | 1 | 0. | ‡aMargret & H.A. Rey's Curious George goes to the beach / ‡cillustrated in the style of H.A. Rey by Vipah Interactive. |
| 246 | 3 | . | ‡aMargret and H.A. Rey's Curious George goes to the beach |
| 246 | 3 | 0. | ‡aCurious George goes to the beach |
| 260 | . | ‡aBoston : ‡bHoughton Mifflin, ‡c1999. | |
| 300 | . | ‡a24 p. : ‡bcol. ill. ; ‡c21 cm. | |
| 490 | 0 | . | ‡aCurious George |
| 520 | . | ‡aCurious George has fun feeding the sea gulls at the beach and then saves the day when he rescues a picnic basket and helps his friend overcome her fear of the water. | |
| 650 | 1. | ‡aMonkeys ‡vFiction. | |
| 650 | 1. | ‡aBeaches ‡vFiction. | |
| 700 | 1 | . | ‡aRey, Margret. ‡0(LARL_NWRL_CONSORTIUM)50730 |
| 700 | 1 | . | ‡aRey, H. A. ‡q(Hans Augusto), ‡d1898-1977. ‡0(LARL_NWRL_CONSORTIUM)152671 |
| 710 | 2 | . | ‡aVipah Interactive. ‡0(LARL_NWRL_CONSORTIUM)126592 |
| 901 | . | ‡a68131 ‡bOCLC ‡c68131 ‡tbiblio | |

Add to basket
Permalink
Disable Highlighting